Gen V - Statistiques

Statistiques générales
  • Ce quiz a été pris 33 fois
  • Le résultat moyen est 9 sur 15
Statistiques - réponses
Questions Réponses % Correct
De quelle série Gen V en est le spin-off ? The Boys
97%
Qui cherche-t-elle à retrouver ? Sa sœur
90%
Quel est son pouvoir ? Elle contrôle le sang
86%
Quel emblématique personnage fait son apparition dans la scène finale ? Homelander
83%
Comment s'appelle le sous-sol de l'école, où des expériences sur des étudiants ont lieu ? La Forêt
72%
Qui est Sam ? Le frère de Luke
69%
Quel personnage apparait dans la scène post-générique ? Butcher
62%
Avec qui Cate a une relation en secret ? André
55%
Comment s'appelle le personnage principal ? Marie Moreau
55%
Sur quel super-héros Cate fantasme-t-elle ? Soldier Boy
52%
Quel est le nom de super-héros de Luke ? Golden Boy
45%
Comment Emma rétrécit-elle ? Elle vomit
38%
Comment s'appelle le super-héros qui a les deux genres ? (A une relations avec le personnage principal) Jordan Li
38%
Quel personnage de The Boys récupère les échantillons d'expérience ? Victoria Neuman
28%
Quel acteur l'incarne ? Patrick Schwarzenegger
17%
Aucun quiz correspondant
Distribution des résultats
% des personnes avec chaque résultat
Percentile par nombre de réponses
Votre historique - résultats
Vous n’avez pas pris ce quiz